MARC

LEADER 00000nam0a2200000 4500
001 356820
005 20231102010930.0
035 |a (RuTPU)RU\TPU\retro\14080 
090 |a 356820 
100 |a 20200724d1977 km y0rusy50 ca 
101 0 |a rus 
102 |a RU 
105 |a a z 001zy 
200 1 |a Основы фотолюминесцентной картографической репродукции  |f Е. И. Халугин 
210 |a Москва  |c Недра  |d 1977 
215 |a 304 с.  |c ил. 
320 |a Библиогр.: с. 298 
320 |a Предм. указ.: с. 299-300 
606 1 |a Картография  |2 stltpush  |3 (RuTPU)RU\TPU\subj\39381  |9 59494 
610 1 |a фотолюминесцентная картография 
610 1 |a репродукции 
610 1 |a колориметрия 
610 1 |a цветовой анализ 
610 1 |a фотомеханическая репродукция 
610 1 |a экспериментальные исследования 
610 1 |a технологические основы 
610 1 |a изготовление 
675 |a 528.9  |v 4 
700 1 |a Халугин  |b Е. И.  |g Евгений Иванович 
801 1 |a RU  |b 63413507  |c 20200724 
801 2 |a RU  |b 63413507  |c 20210209  |g RCR 
942 |c BK